Normal view
MARC view
Entry Personal Name
001 - CONTROL NUMBER
- control field: 18741
003 - CONTROL NUMBER IDENTIFIER
- control field: ARRUPE
005 - DATE AND TIME OF LATEST TRANSACTION
- control field: 20150826105329.0
008 - FIXED-LENGTH DATA ELEMENTS
- fixed length control field: 150826|| aca||aabn | a|a d
040 ## - CATALOGING SOURCE
- Original cataloging agency: ARRUPE
- Transcribing agency: ARRUPE
100 ## - HEADING--PERSONAL NAME
- Personal name: Vila, Anne C.,
- Dates associated with a name: 1961-
670 ## - SOURCE DATA FOUND
- Source citation: Work cat.: (ARRUPE)0: Vila, Anne C., 1961-, Enlightenment and pathology :, 1998.